Remittances and Economic Cycles - Evidence from 11 Transition Countries
Analýza cyklického vzťahu remitencií a vývoja HDP v 11 krajinách, ktoré boli v období 1993 až 2015 príjemcom remitencií. Procyklický vzťah v prípade tranzitívnych ekonomík.
Uložené v:
| Hlavný autor: | |
|---|---|
| Médium: | Kapitola |
| Jazyk: | English |
| Predmet: | |
| Tagy: |
Žiadne tagy, Buďte prvý, kto otaguje tento záznam!
|
MARC
| LEADER | 00000naa a2200000 4500 | ||
|---|---|---|---|
| 001 | 0251221 | ||
| 005 | 20221104112418.1 | ||
| 041 | 0 | |a eng | |
| 044 | |a CZ | ||
| 245 | 1 | 0 | |a Remittances and Economic Cycles - Evidence from 11 Transition Countries |c Cristina Procházková IIinitchi |
| 520 | |a Analýza cyklického vzťahu remitencií a vývoja HDP v 11 krajinách, ktoré boli v období 1993 až 2015 príjemcom remitencií. Procyklický vzťah v prípade tranzitívnych ekonomík. | ||
| 610 | 2 | 0 | |a krajiny tranzitívne |
| 610 | 2 | 0 | |a produkt domáci hrubý |
| 610 | 2 | 0 | |a remitencie |
| 610 | 2 | 0 | |a cykly hospodárske |
| 610 | 2 | 0 | |a migrácia |
| 100 | 1 | |a Procházková IIinitchi, Cristina | |